Thiết kế kiến trúc cảnh quan khu ở

Giới thiệu khái niệm liên quan đến kiến trúc cảnh quan, kinh nghiệm thiết kế cảnh quan và thiết kế kiến trúc. Trình bày những yếu tố ảnh hưởng, tác động đến thiết kế cảnh quan và định hướng giải pháp thiết kế kiến trúc cảnh quan cho k...

Popoln opis

Shranjeno v:
Bibliografske podrobnosti
Glavni avtor: Đàm Thu Trang
Format: Knjiga
Jezik:Vietnamese
Izdano: H. Xây dựng 2013
Izdaja:Tái bản
Teme:
Oznake: Označite
Brez oznak, prvi označite!
Thư viện lưu trữ: Thư viện Trường Đại học Nam Cần Thơ
LEADER 01253nam a22002177a 4500
001 NCT_38289
008 180601b xxu||||| |||| 00| 0 vie d
999 |c 1848  |d 1848 
020 |c 60000 
082 0 4 |2 23rd ed.  |a 717  |b Tr106 
100 1 |a Đàm Thu Trang 
245 1 0 |a Thiết kế kiến trúc cảnh quan khu ở  |c Đàm Thu Trang 
250 |a Tái bản 
260 |a H.  |b Xây dựng  |c 2013 
300 |a 127tr.  |b Mô hình  |c 31 cm 
520 3 |a Giới thiệu khái niệm liên quan đến kiến trúc cảnh quan, kinh nghiệm thiết kế cảnh quan và thiết kế kiến trúc. Trình bày những yếu tố ảnh hưởng, tác động đến thiết kế cảnh quan và định hướng giải pháp thiết kế kiến trúc cảnh quan cho khu ở.  
653 |a Kiến trúc 
942 |2 ddc  |c BK 
952 |0 0  |1 0  |2 ddc  |4 0  |6 717_000000000000000_TR106  |7 0  |9 9305  |a 000001  |b 000001  |d 2018-06-01  |o 717 Tr106  |p MD.11276  |r 2018-06-01  |v 60000.00  |w 2018-06-01  |y BK 
952 |0 0  |1 0  |2 ddc  |4 0  |6 717_000000000000000_TR106  |7 0  |9 9306  |a 000001  |b 000001  |d 2018-06-01  |o 717 Tr106  |p MD.11277  |r 2018-06-01  |v 60000.00  |w 2018-06-01  |y BK 
980 |a Thư viện Trường Đại học Nam Cần Thơ